| LEADER | 01115nam a22002177i 4500 | ||
|---|---|---|---|
| 001 | 10030721 | ||
| 003 | GR-PaULI | ||
| 005 | 20210402110329.0 | ||
| 008 | 991027s1993 gr f 2 0 gre d | ||
| 952 | |0 0 |1 0 |2 ddc |4 0 |6 325_210000000000000_945_ΜΟΥ |7 0 |9 324195 |a LISP |b LISP |c DON |d 2021-04-02 |e ΓΑΛ |i 145528 |l 0 |o 325.210 945 ΜΟΥ |p 025000271743 |r 2021-04-02 00:00:00 |t 1 |v 2021.00 |w 2021-04-02 |y BKN | ||
| 999 | |c 182077 |d 182077 | ||
| 040 | |a GR-PaULI |b gre |c GR-PaULI |e AACR2 | ||
| 082 | 0 | 4 | |a 325.210 945 |2 23 |
| 100 | 1 | |9 8380 |a Μούλιας, Χρήστος Α., |d 1950- |e συγγραφέας. | |
| 245 | 1 | 0 | |a Ιταλοί πρόσφυγες στην Πάτρα (1849) / |b |c Χρήστου Μούλια. |
| 260 | |a Αθήναι : |b [χ.ό.], |c 1993. | ||
| 300 | |a σ. 298-350 ; |c 24 εκ. | ||
| 500 | |a Ανάτυπον από τα "Πρακτικά του Δ' Διεθνούς Συνεδρίου Πελοποννησιακών Σπουδών" (Κόρινθος 9-16 Σεπτεμβρίου 1990) Τόμος Γ. | ||
| 650 | 4 | |9 185864 |a Πρόσφυγες |x Ιταλοί |z Ελλάδα. | |
| 942 | |2 ddc |c BKN | ||
| 998 | |c ΜΠΟΥΡΑΣ |d 2021-04 | ||